[Event "Rubinstein Memorial-C 55th"]
[Site "Polanica Zdroj"]
[Date "2019.08.25"]
[Round "9"]
[White "Kazmierowski, Tymon"]
[Black "Burdzicki, Jan"]
[Result "1-0"]
[WhiteElo "1532"]
[BlackElo "1716"]
[PlyCount "119"]
[EventDate "2019.08.17"]
[EventType "swiss"]
[EventRounds "9"]
[EventCountry "POL"]
[SourceTitle "EXT 2020"]
[Source "ChessBase"]
[SourceDate "2019.10.17"]
[SourceVersion "1"]
[SourceVersionDate "2019.10.17"]
[SourceQuality "1"]

1. d4 d5 2. c4 e6 3. Nf3 Nf6 4. g3 Bb4+ 5. Bd2 Be7 6. Bg2 0-0 7. 0-0 b6 8. Bf4 Bb7 9. Nbd2 dxc4 10. Nxc4 Nd5 11. Nfe5 f6 12. Nd3 Nc6 13. Bd2 b5 14. Na5 Nxa5 15. Bxa5 Rb8 16. Rc1 Nb6 17. Bxb7 Rxb7 18. Nc5 Bxc5 19. dxc5 Na8 20. Qb3 Qd5 21. Rfd1 Qxb3 22. axb3 Rbb8 23. Rd7 Rbd8 24. Rcd1 Rxd7 25. Rxd7 Rf7 26. Rd4 g6 27. Kg2 Rf8 28. Bd2 g5 29. h4 h6 30. hxg5 hxg5 31. Bc3 Kf7 32. Rd7+ Ke8 33. Rg7 e5 34. Kf3 Rf7 35. Rg8+ Rf8 36. Rxf8+ Kxf8 37. Ke4 c6 38. Ba5 Kf7 39. Kf5 Ke7 40. g4 e4 41. Kxe4 Ke6 42. e3 b4 43. f3 a6 44. f4 gxf4 45. exf4 Ke7 46. g5 fxg5 47. fxg5 Ke6 48. Kf4 Kf7 49. Ke5 Kg6 50. Kd6 Kxg5 51. Kxc6 Kf4 52. Kb7 Nc7 53. Bxc7+ Ke4 54. Be5 Kd3 55. c6 Kc2 56. c7 Kxb3 57. c8Q a5 58. Kb6 a4 59. Kb5 Ka2 60. b3 1-0

[Event "Rubinstein Memorial-C 55th"]
[Site "Polanica Zdroj"]
[Date "2019.08.24"]
[Round "8"]
[White "Burdzicki, Jan"]
[Black "Szczesniak, Andrzej"]
[Result "0-1"]
[WhiteElo "1716"]
[BlackElo "1954"]
[PlyCount "66"]
[EventDate "2019.08.17"]
[EventType "swiss"]
[EventRounds "9"]
[EventCountry "POL"]
[SourceTitle "EXT 2020"]
[Source "ChessBase"]
[SourceDate "2019.10.17"]
[SourceVersion "1"]
[SourceVersionDate "2019.10.17"]
[SourceQuality "1"]

1. d4 d5 2. c4 c6 3. e3 Nf6 4. Nf3 a6 5. Nbd2 Bf5 6. Qb3 Qc7 7. Bd3 Bg6 8. Ne5 e6 9. Nxg6 hxg6 10. Nf3 Nbd7 11. Bd2 Ne4 12. cxd5 exd5 13. Bxe4 dxe4 14. Ng5 Nf6 15. Qc2 Rxh2 16. 0-0 Rh5 17. f4 exf3 18. Nxf3 Bd6 19. e4 Bh2+ 20. Kh1 Ng4 21. Bg5 Bf4+ 22. Bh4 Bg3 23. e5 Bxh4 24. Nxh4 Rxh4+ 25. Kg1 0-0-0 26. Qe4 Qd7 27. Rf4 f5 28. exf6 Nxf6 29. Rxh4 Nxe4 30. Rxe4 Re8 31. Rae1 Rxe4 32. Rxe4 Qd5 33. Rg4 Qxa2 0-1

[Event "Rubinstein Memorial-C 55th"]
[Site "Polanica Zdroj"]
[Date "2019.08.20"]
[Round "4"]
[White "Wojtas, Julia"]
[Black "Burdzicki, Jan"]
[Result "0-1"]
[WhiteElo "1522"]
[BlackElo "1716"]
[PlyCount "76"]
[EventDate "2019.08.17"]
[EventType "swiss"]
[EventRounds "9"]
[EventCountry "POL"]
[SourceTitle "EXT 2020"]
[Source "ChessBase"]
[SourceDate "2019.10.17"]
[SourceVersion "1"]
[SourceVersionDate "2019.10.17"]
[SourceQuality "1"]

1. e4 e6 2. d4 d5 3. Nc3 Nf6 4. Bg5 Bb4 5. e5 h6 6. Bd2 Bxc3 7. bxc3 Ne4 8. Bd3 Nxd2 9. Qxd2 c5 10. Nh3 Qa5 11. Nf4 Nc6 12. Nh5 Kf8 13. 0-0 cxd4 14. Qf4 dxc3 15. Qg3 g6 16. Nf6 Qc7 17. f4 b5 18. h4 h5 19. Qg5 Nb8 20. Rf3 Bd7 21. Kh2 Bc6 22. Rb1 a6 23. Rg3 Qe7 24. f5 exf5 25. Bxf5 Qxe5 26. Rf1 Kg7 27. Bd3 Qxg5 28. Rxg5 d4 29. Be4 Bxe4 30. Nxe4 Rd8 31. Nc5 Nc6 32. a3 b4 33. Nd3 a5 34. Rb1 bxa3 35. Ra1 Nb4 36. Nxb4 axb4 37. Rb5 Ra4 38. Kg3 d3 0-1

[Event "Rubinstein Memorial-C 55th"]
[Site "Polanica Zdroj"]
[Date "2019.08.19"]
[Round "3"]
[White "Burdzicki, Jan"]
[Black "Bialik, Nikodem"]
[Result "1/2-1/2"]
[WhiteElo "1716"]
[BlackElo "1472"]
[PlyCount "61"]
[EventDate "2019.08.17"]
[EventType "swiss"]
[EventRounds "9"]
[EventCountry "POL"]
[SourceTitle "EXT 2020"]
[Source "ChessBase"]
[SourceDate "2019.10.17"]
[SourceVersion "1"]
[SourceVersionDate "2019.10.17"]
[SourceQuality "1"]

1. e4 e6 2. d4 d5 3. e5 c5 4. c3 Qb6 5. Nf3 Nc6 6. Bd3 cxd4 7. cxd4 Bd7 8. 0-0 Nxd4 9. Nxd4 Qxd4 10. Nc3 a6 11. Qe2 Ne7 12. Kh1 Nc6 13. f4 Nb4 14. Rd1 Nxd3 15. Rxd3 Qc4 16. b3 Qc7 17. Bb2 Bb4 18. Qf2 Qc5 19. Qh4 Bxc3 20. Rxc3 Qe7 21. Qg4 g6 22. a4 h5 23. Qe2 Bc6 24. Ba3 Qd7 25. Bd6 f5 26. b4 Kf7 27. Rac1 Rhc8 28. Qf2 Qd8 29. a5 Qd7 30. Qh4 Qd8 31. Qf2 1/2-1/2

[Event "POL-chT U20 2nd League"]
[Site "Szczyrk"]
[Date "2017.07.27"]
[Round "8.32"]
[White "Burdzicki, Jan"]
[Black "Kupiecki, Szymon"]
[Result "0-1"]
[WhiteElo "1530"]
[BlackElo "1732"]
[PlyCount "56"]
[EventDate "2017.07.22"]
[EventType "team-swiss"]
[EventRounds "11"]
[EventCountry "POL"]
[SourceTitle "EXT 2019"]
[Source "ChessBase"]
[SourceDate "2018.10.10"]
[SourceVersion "1"]
[SourceVersionDate "2018.10.10"]
[SourceQuality "1"]

1. d4 Nf6 2. Nf3 g6 3. g3 Bg7 4. Bg2 0-0 5. 0-0 d6 6. Nbd2 Nbd7 7. e4 e5 8. dxe5 dxe5 9. a4 Nh5 10. Nh4 Nf4 11. Bf3 Bf6 12. Ng2 Nh3+ 13. Kh1 Bg7 14. Ne3 f5 15. exf5 gxf5 16. Bd5+ Kh8 17. Be6 Nc5 18. Bxc8 Rxc8 19. b4 f4 20. Nec4 fxg3 21. f3 Nf2+ 22. Rxf2 gxf2 23. bxc5 e4 24. Ra3 Rg8 25. fxe4 Bd4 26. Rg3 Qh4 27. Qf3 Rxg3 28. Qxg3 Rg8 0-1

[Event "POL-chT U20 2nd League"]
[Site "Szczyrk"]
[Date "2017.07.24"]
[Round "3.33"]
[White "Burdzicki, Jan"]
[Black "Czarnomski, Dominik"]
[Result "1-0"]
[WhiteElo "1530"]
[BlackElo "1547"]
[PlyCount "123"]
[EventDate "2017.07.22"]
[EventType "team-swiss"]
[EventRounds "11"]
[EventCountry "POL"]
[SourceTitle "EXT 2019"]
[Source "ChessBase"]
[SourceDate "2018.10.10"]
[SourceVersion "1"]
[SourceVersionDate "2018.10.10"]
[SourceQuality "1"]

1. Nf3 Nf6 2. d4 g6 3. g3 Bg7 4. Bg2 0-0 5. 0-0 d6 6. c4 Nbd7 7. Nc3 Re8 8. e4 e5 9. d5 Nc5 10. Ne1 a5 11. Nd3 Nxd3 12. Qxd3 b6 13. a3 Ng4 14. f3 Nh6 15. Be3 f5 16. Qd2 Nf7 17. f4 exf4 18. Bxf4 fxe4 19. Nxe4 Bf5 20. Ng5 Nxg5 21. Bxg5 Qd7 22. Rae1 Qa4 23. Rxe8+ Rxe8 24. Re1 Bd4+ 25. Kh1 Rxe1+ 26. Qxe1 Be5 27. Qe2 Qb3 28. Bf1 Qxb2 29. Qxb2 Bxb2 30. a4 Bc2 31. Bd8 Bd4 32. Bxc7 Bc5 33. Bd8 Bxa4 34. Bf6 Bb3 35. Kg2 Kf7 36. Bb2 a4 37. Kf3 a3 38. Ba1 a2 39. Ke4 Bc2+ 40. Kf3 Ke7 41. Ke2 Bb4 42. Bh3 Kd8 43. Be6 Kc7 44. h4 h5 45. Bh3 Kb7 46. Bd7 Ka6 47. Bb5+ Ka7 48. Bd7 Ka6 49. Bb5+ Ka5 50. Be8 Bf5 51. Kd1 Bc5 52. Bc3+ Ka6 53. Ke2 Kb7 54. Ba4 Kc7 55. Bb2 Kd8 56. Bf6+ Kc7 57. Bb2 Ba3 58. Bf6 Bc1 59. Bg7 Kb7 60. Bc6+ Ka6 61. Bb5+ Ka5 62. Bc3# 1-0